[Event "MVP-ch Seniors op 19th"]
[White "Bollenbach, Horst"]
[Black "Meiwald, Gerhard"]
[Site "Ostseebad Binz"]
[Round "6"]
[Result "1/2-1/2"]
[Date "2019.12.02"]
[WhiteElo "1731"]
[BlackElo "1936"]
[PlyCount "25"]
[EventDate "2019.11.27"]
[EventType "swiss"]
[EventRounds "9"]
[EventCountry "GER"]
[SourceTitle "EXT 2021"]
[Source "ChessBase"]
[SourceDate "2020.10.23"]
[SourceVersion "1"]
[SourceVersionDate "2020.10.23"]
[SourceQuality "1"]

1. c4 e6 2. g3 Nf6 3. Bg2 c6 4. e3 d5 5. b3 Be7 6. Bb2 0-0 7. Nf3 dxc4 8. bxc4 Nbd7 9. d4 Bb4+ 10. Nfd2 Qc7 11. 0-0 Rd8 12. Qb3 Be7 13. e4 1/2-1/2

[Event "MVP-ch Seniors op 18th"]
[White "Traut, Alexander"]
[Black "Bollenbach, Horst"]
[Site "Ostseebad Binz"]
[Round "9"]
[Result "0-1"]
[Date "2018.12.06"]
[WhiteElo "1606"]
[BlackElo "1721"]
[PlyCount "77"]
[EventDate "2018.11.28"]
[EventType "swiss"]
[EventRounds "9"]
[EventCountry "GER"]
[SourceTitle "CBM 188 Extra"]
[Source "ChessBase"]
[SourceDate "2019.02.28"]
[SourceVersion "1"]
[SourceVersionDate "2019.02.28"]
[SourceQuality "1"]

1. e4 c5 2. Nc3 Nc6 3. Bc4 e6 4. Nf3 g6 5. 0-0 Bg7 6. d3 a6 7. a3 b5 8. Ba2 Qc7 9. Ne2 Nge7 10. Bf4 d6 11. c3 e5 12. Be3 0-0 13. Qd2 Bg4 14. Bh6 Bxf3 15. gxf3 Qd7 16. Ng3 Qh3 17. Bxg7 Kxg7 18. Qe3 f5 19. f4 Qh4 20. Ne2 fxe4 21. dxe4 exf4 22. Qd2 f3 23. Ng3 Kh8 24. Kh1 Qh3 25. Rg1 Rad8 26. Bd5 Ne5 27. c4 bxc4 28. Nf1 Qh4 29. Rg3 Rf4 30. Be6 Qf6 31. Re1 N7c6 32. Bd5 Nd4 33. Rh3 Ne2 34. Ng3 Nd3 35. Rf1 Qd4 36. Qe3 Rdf8 37. Qxd4+ cxd4 38. Bc6 Ne5 39. Bd5 0-1

[Event "MVP-ch Seniors op 18th"]
[White "Bollenbach, Horst"]
[Black "Hund, Gerhard"]
[Site "Ostseebad Binz"]
[Round "8"]
[Result "0-1"]
[Date "2018.12.05"]
[WhiteElo "1721"]
[BlackElo "1943"]
[PlyCount "128"]
[EventDate "2018.11.28"]
[EventType "swiss"]
[EventRounds "9"]
[EventCountry "GER"]
[SourceTitle "CBM 188 Extra"]
[Source "ChessBase"]
[SourceDate "2019.02.28"]
[SourceVersion "1"]
[SourceVersionDate "2019.02.28"]
[SourceQuality "1"]

1. c4 c5 2. Nc3 b6 3. Nf3 Bb7 4. e3 g6 5. d4 Bg7 6. d5 Nf6 7. e4 d6 8. Bf4 Nh5 9. Qd2 Nxf4 10. Qxf4 Nd7 11. Ng5 0-0 12. Qh4 h6 13. Nh3 g5 14. Qg3 Nf6 15. Be2 Bc8 16. 0-0 Nh7 17. f4 Bxh3 18. Qxh3 a6 19. Rab1 Qe8 20. Bd3 e5 21. fxg5 Nxg5 22. Qf5 Qe7 23. h4 Nh7 24. g3 Ra7 25. Rf2 Qd7 26. Rbf1 Qxf5 27. Rxf5 f6 28. Be2 Bh8 29. Kh2 Kg7 30. Kh3 Rff7 31. Bh5 Rfb7 32. Be8 Re7 33. Bc6 Rf7 34. g4 Nf8 35. Be8 Rfe7 36. Bh5 Nd7 37. g5 hxg5 38. hxg5 fxg5 39. Rf7+ Rxf7 40. Rxf7+ Kg8 41. Re7 Bf6 42. Re6 Kg7 43. Rxd6 Rb7 44. Kg4 Nf8 45. Kf5 Be7 46. Rc6 b5 47. d6 Bd8 48. cxb5 axb5 49. Rxc5 b4 50. Nd5 Nd7 51. Rc6 b3 52. a3 Nb6 53. Be8 Kf8 54. Bh5 Rb8 55. Kxe5 Na4 56. d7 Rb7 57. Ke6 Nb6 58. Be8 Nxd5 59. exd5 Rc7 60. Ra6 Rc2 61. d6 Rxb2 62. Kf5 Rf2+ 63. Kg4 Kg7 64. Ra4 Rf4+ 0-1

[Event "MVP-ch Seniors op 18th"]
[White "Wulf, Adalbert"]
[Black "Bollenbach, Horst"]
[Site "Ostseebad Binz"]
[Round "7"]
[Result "1/2-1/2"]
[Date "2018.12.04"]
[WhiteElo "1859"]
[BlackElo "1721"]
[PlyCount "26"]
[EventDate "2018.11.28"]
[EventType "swiss"]
[EventRounds "9"]
[EventCountry "GER"]
[SourceTitle "CBM 188 Extra"]
[Source "ChessBase"]
[SourceDate "2019.02.28"]
[SourceVersion "1"]
[SourceVersionDate "2019.02.28"]
[SourceQuality "1"]

1. d4 Nf6 2. Nf3 e6 3. Bf4 d5 4. e3 Bd6 5. Bg3 0-0 6. Bd3 c5 7. c3 b6 8. Qe2 Bb7 9. Nbd2 Qc7 10. Bxd6 Qxd6 11. 0-0 Ne4 12. Rfd1 Nd7 13. Nf1 f5 1/2-1/2

[Event "MVP-ch Seniors op 18th"]
[White "Bollenbach, Horst"]
[Black "Schwetje, Siegfried"]
[Site "Ostseebad Binz"]
[Round "4"]
[Result "0-1"]
[Date "2018.12.01"]
[WhiteElo "1721"]
[BlackElo "1889"]
[PlyCount "82"]
[EventDate "2018.11.28"]
[EventType "swiss"]
[EventRounds "9"]
[EventCountry "GER"]
[SourceTitle "CBM 188 Extra"]
[Source "ChessBase"]
[SourceDate "2019.02.28"]
[SourceVersion "1"]
[SourceVersionDate "2019.02.28"]
[SourceQuality "1"]

1. c4 e6 2. Nc3 Nf6 3. g3 d5 4. cxd5 exd5 5. d4 c6 6. Bg2 Bd6 7. Qc2 0-0 8. Nf3 Re8 9. 0-0 Bg4 10. Nh4 Qc8 11. Bg5 Be7 12. Qd2 Bh3 13. Rfe1 Bxg2 14. Kxg2 Qe6 15. f3 Bf8 16. e4 dxe4 17. Nxe4 Nxe4 18. Rxe4 Qd7 19. Rxe8 Qxe8 20. Re1 Qd7 21. Qd3 Na6 22. Nf5 Nb4 23. Qe4 Nd5 24. Qg4 Qc7 25. Be7 g6 26. Bxf8 Rxf8 27. Re5 Qd8 28. Ne3 Nxe3+ 29. Rxe3 Qd6 30. Qe4 Rd8 31. Rd3 b6 32. a3 f5 33. Qe3 Qd5 34. Qg5 c5 35. Re3 cxd4 36. Re7 Rd7 37. Re8+ Kg7 38. h4 h6 39. Qf4 d3 40. Kf2 d2 41. Qb4 Qc5+ 0-1

[Event "Berlin Lichtenberger op 17th"]
[White "Bollenbach, Horst"]
[Black "Lehmkuhl, Stefan"]
[Site "Berlin"]
[Round "3"]
[Result "0-1"]
[Date "2018.08.20"]
[WhiteElo "1736"]
[BlackElo "1892"]
[PlyCount "116"]
[EventDate "2018.08.18"]
[EventType "swiss"]
[EventRounds "9"]
[EventCountry "GER"]
[SourceTitle "CBM 186 Extra"]
[Source "ChessBase"]
[SourceDate "2018.08.24"]
[SourceVersion "1"]
[SourceVersionDate "2018.08.24"]
[SourceQuality "1"]

1. c4 Nf6 2. Nf3 c6 3. Nc3 d5 4. cxd5 Nxd5 5. g3 g6 6. Bg2 Bg7 7. 0-0 0-0 8. d4 Nd7 9. e3 Re8 10. Nxd5 cxd5 11. Ne5 e6 12. Nxd7 Bxd7 13. Qb3 b5 14. Bd2 a5 15. Rfc1 Qb6 16. Bf1 Bf8 17. a4 b4 18. Rc2 Rec8 19. Rac1 Qd8 20. Qa2 Rxc2 21. Rxc2 Rc8 22. b3 Rc7 23. Bd3 Qc8 24. Qb2 Bd6 25. e4 dxe4 26. Bxe4 Rxc2 27. Qxc2 Qxc2 28. Bxc2 Bc6 29. f4 Bd5 30. Kf2 Kf8 31. Ke3 Ke7 32. Kd3 Bb8 33. Bd1 Ba7 34. Be3 Kd6 35. g4 Bg2 36. f5 exf5 37. gxf5 Kd5 38. fxg6 hxg6 39. Bf4 Bb6 40. Be5 Be4+ 41. Ke3 Bd8 42. Be2 Bg5+ 43. Kf2 Kc6 44. Bc4 f6 45. d5+ Bxd5 46. Bxd5+ Kxd5 47. Bc7 Kd4 48. Bxa5 Kc3 49. Bc7 f5 50. Be5+ Kxb3 51. a5 Bd8 52. a6 Bb6+ 53. Ke2 Kc4 54. Bb8 b3 55. Kd1 Kc3 56. Be5+ Kd3 57. Kc1 Ba7 58. Kb2 Ke4 0-1

[Event "Berlin Lichtenberger op 17th"]
[White "Bollenbach, Horst"]
[Black "Nohr, Jonas"]
[Site "Berlin"]
[Round "1"]
[Result "0-1"]
[Date "2018.08.18"]
[WhiteElo "1736"]
[BlackElo "2100"]
[PlyCount "84"]
[EventDate "2018.08.18"]
[EventType "swiss"]
[EventRounds "9"]
[EventCountry "GER"]
[SourceTitle "CBM 186 Extra"]
[Source "ChessBase"]
[SourceDate "2018.08.24"]
[SourceVersion "1"]
[SourceVersionDate "2018.08.24"]
[SourceQuality "1"]

1. c4 e5 2. Nc3 Nf6 3. g3 c6 4. Bg2 d6 5. e3 Be7 6. Nge2 Be6 7. b3 d5 8. cxd5 Nxd5 9. Nxd5 Bxd5 10. e4 Be6 11. Bb2 Nd7 12. 0-0 0-0 13. d4 exd4 14. Nxd4 Bf6 15. Nxe6 fxe6 16. Rb1 Bxb2 17. Rxb2 Nf6 18. Rd2 Qe7 19. Qc2 Rad8 20. Rfd1 Rxd2 21. Rxd2 e5 22. Qc4+ Kh8 23. Bh3 g6 24. Qc3 Nxe4 25. Qe3 Nxd2 26. Qxd2 Qf6 27. Qe3 b6 28. Bg2 c5 29. Be4 Rd8 30. Kg2 Rd4 31. f3 Kg7 32. Bd3 Qd6 33. Bc4 Rd2+ 34. Kh3 Qd7+ 35. g4 Qd4 36. Qg5 Qd6 37. Qe3 e4 38. Qc3+ Kh6 39. g5+ Kxg5 40. Qe3+ Qf4 41. Qg1+ Kh6 42. fxe4 Qf3+ 0-1

[Event "Berlin Lichtenberger op 16th"]
[White "Seefeld, Marc"]
[Black "Bollenbach, Horst"]
[Site "Berlin"]
[Round "6"]
[Result "1/2-1/2"]
[Date "2017.08.24"]
[WhiteElo "1924"]
[BlackElo "1723"]
[PlyCount "46"]
[EventDate "2017.08.19"]
[EventType "swiss"]
[EventRounds "9"]
[EventCountry "GER"]
[SourceTitle "CBM 180 Extra"]
[Source "ChessBase"]
[SourceDate "2017.10.06"]
[SourceVersion "1"]
[SourceVersionDate "2017.10.06"]
[SourceQuality "1"]

1. d4 Nf6 2. c4 g6 3. Nf3 Bg7 4. Nc3 d5 5. cxd5 Nxd5 6. e4 Nxc3 7. bxc3 c5 8. Be3 0-0 9. Be2 Nc6 10. 0-0 cxd4 11. cxd4 Bg4 12. e5 e6 13. h3 Bf5 14. Qd2 Be4 15. Rfd1 Ne7 16. Bg5 Qd7 17. Qe3 Bc6 18. Bxe7 Qxe7 19. Rab1 a6 20. Nd2 Qh4 21. Nf3 Qe4 22. Qxe4 Bxe4 23. Rb2 Bh6 1/2-1/2

[Event "Berlin Lichtenberger op 14th"]
[White "Wilke, Hans Peter"]
[Black "Bollenbach, Horst"]
[Site "Berlin"]
[Round "9"]
[Result "0-1"]
[Date "2015.08.23"]
[WhiteElo "1655"]
[BlackElo "1736"]
[PlyCount "52"]
[EventDate "2015.08.15"]
[EventType "swiss"]
[EventRounds "9"]
[EventCountry "GER"]
[SourceTitle "EXT 2016"]
[Source "ChessBase"]
[SourceDate "2015.10.08"]
[SourceVersion "1"]
[SourceVersionDate "2015.10.08"]
[SourceQuality "1"]

1. b4 e5 2. Bb2 Bxb4 3. Bxe5 Nf6 4. e3 c5 5. Nf3 0-0 6. c4 Nc6 7. Bb2 d5 8. cxd5 Nxd5 9. Be2 Bf5 10. 0-0 Ba5 11. a3 Bc7 12. d3 Bg6 13. Ne5 Qf6 14. Nc4 Qh4 15. g3 Qe7 16. Bf3 Qd7 17. e4 Nde7 18. Nc3 Nd4 19. Bh5 f5 20. Bxg6 hxg6 21. Ne2 Nec6 22. Nc3 f4 23. Nd5 Qh3 24. f3 fxg3 25. hxg3 Qxg3+ 26. Kh1 Qh2# 0-1

[Event "Berlin Lichtenberger op 13th"]
[White "Getzuhn, Detlef"]
[Black "Bollenbach, Horst"]
[Site "Berlin"]
[Round "6"]
[Result "1-0"]
[Date "2014.08.21"]
[WhiteElo "1896"]
[BlackElo "1752"]
[PlyCount "37"]
[EventDate "2014.08.16"]
[EventType "swiss"]
[EventRounds "9"]
[EventCountry "GER"]
[SourceTitle "CBM 161 Extra"]
[Source "ChessBase"]
[SourceDate "2014.08.29"]
[SourceVersion "1"]
[SourceVersionDate "2014.08.29"]
[SourceQuality "1"]

1. e4 c5 2. Nf3 Nc6 3. d4 cxd4 4. Nxd4 a6 5. c4 g6 6. Nxc6 bxc6 7. Qd4 f6 8. Be3 Rb8 9. Be2 e5 10. Qd3 Bb4+ 11. Nc3 Qa5 12. 0-0 Ne7 13. a3 Bxc3 14. Qxc3 Qxc3 15. bxc3 d5 16. cxd5 cxd5 17. f3 Bb7 18. Rab1 Kf7 19. Ba7 1-0

[Event "Berlin Lichtenberger op 13th"]
[White "Bollenbach, Horst"]
[Black "Albinus, Guenter"]
[Site "Berlin"]
[Round "5"]
[Result "0-1"]
[Date "2014.08.20"]
[WhiteElo "1752"]
[BlackElo "1877"]
[PlyCount "52"]
[EventDate "2014.08.16"]
[EventType "swiss"]
[EventRounds "9"]
[EventCountry "GER"]
[SourceTitle "CBM 161 Extra"]
[Source "ChessBase"]
[SourceDate "2014.08.29"]
[SourceVersion "1"]
[SourceVersionDate "2014.08.29"]
[SourceQuality "1"]

1. d4 Nf6 2. Nf3 e6 3. c4 d5 4. e3 c6 5. Nc3 Be7 6. cxd5 exd5 7. Qc2 0-0 8. Bd3 h6 9. 0-0 Nbd7 10. e4 dxe4 11. Bxe4 Nxe4 12. Nxe4 Nf6 13. Re1 Bg4 14. Be3 Qc7 15. Nxf6+ Bxf6 16. Qe4 Be6 17. Ne5 Rfe8 18. f4 Bd5 19. Qf5 Re6 20. Qh5 Rae8 21. g4 R6e7 22. h4 g6 23. Nxg6 fxg6 24. Qxg6+ Bg7 25. Kf2 Rxe3 26. Rxe3 Qxf4+ 0-1

[Event "Berlin Lichtenberger op 13th"]
[White "Oswald, Michael"]
[Black "Bollenbach, Horst"]
[Site "Berlin"]
[Round "4"]
[Result "1-0"]
[Date "2014.08.19"]
[WhiteElo "2129"]
[BlackElo "1752"]
[PlyCount "53"]
[EventDate "2014.08.16"]
[EventType "swiss"]
[EventRounds "9"]
[EventCountry "GER"]
[SourceTitle "CBM 161 Extra"]
[Source "ChessBase"]
[SourceDate "2014.08.29"]
[SourceVersion "1"]
[SourceVersionDate "2014.08.29"]
[SourceQuality "1"]

1. d4 e6 2. c4 Bb4+ 3. Nc3 c5 4. e3 Bxc3+ 5. bxc3 cxd4 6. cxd4 Ne7 7. Nf3 0-0 8. Bd3 Qa5+ 9. Bd2 Qh5 10. 0-0 f5 11. d5 d6 12. Bb4 Rd8 13. Qc2 Na6 14. Ba3 Nc5 15. dxe6 Bxe6 16. Nd4 Bd7 17. Nb5 Bxb5 18. cxb5 b6 19. Be2 Qg5 20. Rfd1 Rac8 21. Qc4+ Kh8 22. Bb2 Ne4 23. Qb4 Rc2 24. Bd3 Nxf2 25. Bxc2 Qxe3 26. Bxg7+ Kg8 27. Qb3+ 1-0

[Event "Berlin Lichtenberger op 13th"]
[White "Bollenbach, Horst"]
[Black "Schilling, Hans"]
[Site "Berlin"]
[Round "3"]
[Result "1-0"]
[Date "2014.08.18"]
[WhiteElo "1752"]
[BlackElo "1846"]
[PlyCount "35"]
[EventDate "2014.08.16"]
[EventType "swiss"]
[EventRounds "9"]
[EventCountry "GER"]
[SourceTitle "CBM 161 Extra"]
[Source "ChessBase"]
[SourceDate "2014.08.29"]
[SourceVersion "1"]
[SourceVersionDate "2014.08.29"]
[SourceQuality "1"]

1. d4 d5 2. Nf3 Nf6 3. c4 e6 4. Nc3 c5 5. e3 Nc6 6. Be2 a6 7. Ne5 Nxe5 8. dxe5 Nd7 9. cxd5 Nxe5 10. 0-0 exd5 11. f4 d4 12. fxe5 dxc3 13. Qxd8+ Kxd8 14. Rxf7 cxb2 15. Bxb2 b5 16. Bf3 Be6 17. Rd1+ Ke8 18. Rc7 1-0

[Event "Berlin Lichtenberger op 13th"]
[White "Bollenbach, Horst"]
[Black "Amelang, Thomas"]
[Site "Berlin"]
[Round "1"]
[Result "0-1"]
[Date "2014.08.16"]
[WhiteElo "1752"]
[BlackElo "2109"]
[PlyCount "68"]
[EventDate "2014.08.16"]
[EventType "swiss"]
[EventRounds "9"]
[EventCountry "GER"]
[SourceTitle "CBM 161 Extra"]
[Source "ChessBase"]
[SourceDate "2014.08.29"]
[SourceVersion "1"]
[SourceVersionDate "2014.08.29"]
[SourceQuality "1"]

1. Nf3 g6 2. e4 Bg7 3. d4 d6 4. Nc3 Nf6 5. Be2 c6 6. 0-0 0-0 7. h3 Nbd7 8. Be3 Qc7 9. Qd2 b5 10. a3 Bb7 11. Bh6 a6 12. Bxg7 Kxg7 13. b4 c5 14. bxc5 dxc5 15. e5 Nd5 16. Nxd5 Bxd5 17. c3 Rfd8 18. Qg5 Nf8 19. Nh4 Ne6 20. Qg4 cxd4 21. cxd4 Qc2 22. Rad1 h5 23. Nf5+ Qxf5 24. Qxf5 gxf5 25. Bxh5 Bc4 26. Rfe1 Rxd4 27. Rxd4 Nxd4 28. Re3 Kh6 29. Bd1 a5 30. f4 b4 31. g4 a4 32. g5+ Kg7 33. h4 b3 34. h5 b2 0-1